000 00640cam a22002053a 4500
001 39926
003 PGUSA
005 20140828083905.0
008 120605s2012||||xxu|||||s|||||000 | eng d
040 _aPGUSA
_beng
042 _adc
100 1 _aKnight, Helen Cross
245 1 0 _a'Puffing Billy' and the Prize 'Rocket' ;
_bor, the story of the Stephensons and our Railways.
_h[electronic resource] /
_cHelen Cross Knight
260 _bProject Gutenberg,
_c2012
506 _aPublic domain in the USA.
516 _aElectronic text
830 0 _aProject Gutenberg
_v39926
856 4 0 _uhttp://www.gutenberg.org/ebooks/39926
942 _cEB
999 _c269179
_d269179